[Event "Polanica Zdroj op-C 44th"]
[Site "Polanica Zdroj"]
[Date "2008.08.26"]
[Round "8"]
[White "Grota, Mateusz"]
[Black "Mierska, Agnieszka"]
[Result "0-1"]
[WhiteElo "1767"]
[BlackElo "1860"]
[PlyCount "80"]
[EventDate "2008.08.19"]
[EventType "swiss"]
[EventRounds "9"]
[EventCountry "POL"]
[SourceTitle "CBM 126 Extra"]
[Source "ChessBase"]
[SourceDate "2008.11.05"]
[SourceVersion "1"]
[SourceVersionDate "2008.11.05"]
[SourceQuality "1"]

1. e4 e6 2. d4 d5 3. Nd2 Nf6 4. e5 Nfd7 5. Bd3 c5 6. c3 Nc6 7. Ne2 Qb6 8. Nf3 f6 9. exf6 Nxf6 10. 0-0 Bd6 11. Bb1 0-0 12. Qc2 cxd4 13. Nexd4 e5 14. Nf5 Bb8 15. Ng5 e4 16. Ng3 h6 17. Nh3 Bxh3 18. gxh3 Ne5 19. Be3 Nf3+ 20. Kg2 Qe6 21. Rd1 Nh4+ 22. Kf1 Qxh3+ 23. Ke2 Nf3 24. c4 Qg4 25. h3 Nd4+ 26. Kd2 Nxc2 27. hxg4 Nxa1 28. cxd5 Nxd5 29. Bxe4 Nxe3 30. Kxe3 Bf4+ 31. Ke2 Bxg3 32. fxg3 Rae8 33. Rxa1 Rxe4+ 34. Kd3 Rxg4 35. Rc1 Rxg3+ 36. Ke4 Rg2 37. Rc7 Rxb2 38. Ke5 h5 39. Ke6 h4 40. Rc3 Rxa2 0-1

[Event "POL-ch U18 Girls"]
[Site "Leba"]
[Date "2008.04.06"]
[Round "11"]
[White "Mierska, Agnieszka"]
[Black "Kotula, Oktawia"]
[Result "1/2-1/2"]
[WhiteElo "1864"]
[BlackElo "1660"]
[PlyCount "159"]
[EventDate "2008.03.29"]
[EventType "swiss"]
[EventRounds "11"]
[EventCountry "POL"]
[SourceTitle "CBM 123 Extra"]
[Source "ChessBase"]
[SourceDate "2008.05.06"]
[SourceVersion "1"]
[SourceVersionDate "2008.05.06"]
[SourceQuality "1"]

1. e4 c5 2. c3 d5 3. exd5 Qxd5 4. Nf3 Nc6 5. Na3 Bg4 6. Be2 e6 7. d4 Nf6 8. 0-0 Be7 9. Be3 0-0 10. dxc5 Qxd1 11. Rfxd1 Nd5 12. Bd4 Nf4 13. Bb5 Rfd8 14. Bxc6 bxc6 15. Be5 Nd3 16. Bd6 Bxd6 17. cxd6 Rxd6 18. Nc4 Bxf3 19. gxf3 Rd5 20. Kf1 Rad8 21. b3 Rh5 22. Nb2 Rhd5 23. Nc4 Kf8 24. Rd2 Ne5 25. Rxd5 Rxd5 26. Nxe5 Rxe5 27. Rd1 Ke7 28. Rd4 Rc5 29. Ra4 a5 30. b4 axb4 31. cxb4 Rf5 32. Kg2 Kd6 33. Ra6 Kc7 34. Ra8 Kb7 35. Rh8 h5 36. a3 g6 37. Kg3 Kb6 38. Rb8+ Kc7 39. Ra8 Kb7 40. Rd8 Kc7 41. Rd4 Rg5+ 42. Kh3 Kb6 43. a4 Rg1 44. Rd7 f5 45. Rd6 Ra1 46. b5 Rxa4 47. bxc6 g5 48. Rxe6 Ra3 49. Kg2 g4 50. fxg4 fxg4 51. Rh6 Rh3 52. Rf6 Rc3 53. Rh6 Rh3 54. f4 Rf3 55. Rxh5 Kxc6 56. f5 Rd3 57. Rg5 Kd6 58. Rxg4 Ke5 59. Rg5 Kf4 60. h4 Rd2+ 61. Kh3 Rd3+ 62. Kg2 Rd2+ 63. Kf1 Rd8 64. f6 Rf8 65. Rg6 Kf5 66. Rg5+ Kxf6 67. Kg2 Rh8 68. Kg3 Rh7 69. Kh3 Rh8 70. Kg4 Rh7 71. Rf5+ Kg6 72. h5+ Kg7 73. Kg5 Kg8 74. h6 Ra7 75. Rb5 Ra8 76. Rb6 Rc8 77. Kg6 Rd8 78. h7+ Kh8 79. Rf6 Ra8 80. Kh6 1/2-1/2

[Event "POL-ch U18 Girls"]
[Site "Leba"]
[Date "2008.04.02"]
[Round "6"]
[White "Gosciniak, Maria"]
[Black "Mierska, Agnieszka"]
[Result "1-0"]
[WhiteElo "2073"]
[BlackElo "1864"]
[PlyCount "101"]
[EventDate "2008.03.29"]
[EventType "swiss"]
[EventRounds "11"]
[EventCountry "POL"]
[SourceTitle "CBM 123 Extra"]
[Source "ChessBase"]
[SourceDate "2008.05.06"]
[SourceVersion "1"]
[SourceVersionDate "2008.05.06"]
[SourceQuality "1"]

1. e4 e6 2. d4 d5 3. Nc3 Nf6 4. e5 Nfd7 5. f4 c5 6. Nf3 Nc6 7. Be3 cxd4 8. Nxd4 Bc5 9. Qd2 Nxd4 10. Bxd4 Bxd4 11. Qxd4 a6 12. 0-0-0 0-0 13. Kb1 Qc7 14. g4 b5 15. Bd3 Qc5 16. Ne2 Bb7 17. Rhe1 Rfe8 18. Qxc5 Nxc5 19. Nd4 Nd7 20. h4 g6 21. h5 Re7 22. Rd2 Kh8 23. Rh2 Rg8 24. g5 Kg7 25. Reh1 Rh8 26. hxg6 fxg6 27. Rh6 Ree8 28. b4 Nf8 29. Kb2 Rg8 30. a4 bxa4 31. Ra1 Kh8 32. Rxa4 Ra8 33. Rh1 Rg7 34. Rha1 Rf7 35. Ne2 Nd7 36. Bxa6 Nb6 37. R4a2 Rb8 38. Bxb7 Rfxb7 39. c3 Re8 40. Kb3 Ree7 41. Nd4 Kg8 42. Ra6 Kf7 43. R1a5 Nc4 44. Rc5 Rb6 45. Ra8 Ne3 46. Rcc8 Reb7 47. Rf8+ Ke7 48. Rh8 Rb8 49. Raxb8 Rxb8 50. Rxb8 Ng2 51. Rb7+ 1-0

[Event "POL-ch U18 Girls"]
[Site "Leba"]
[Date "2008.03.31"]
[Round "4"]
[White "Bukwa, Karolina"]
[Black "Mierska, Agnieszka"]
[Result "1/2-1/2"]
[WhiteElo "1804"]
[BlackElo "1864"]
[PlyCount "114"]
[EventDate "2008.03.29"]
[EventType "swiss"]
[EventRounds "11"]
[EventCountry "POL"]
[SourceTitle "CBM 123 Extra"]
[Source "ChessBase"]
[SourceDate "2008.05.06"]
[SourceVersion "1"]
[SourceVersionDate "2008.05.06"]
[SourceQuality "1"]

1. d4 g6 2. c4 Bg7 3. Nc3 d6 4. e4 Nd7 5. f3 Ngf6 6. Be3 e5 7. Nge2 0-0 8. Qd2 exd4 9. Nxd4 Ne5 10. Be2 Nc6 11. 0-0 Ne8 12. Nc2 f5 13. exf5 Bxf5 14. Rad1 Nf6 15. c5 dxc5 16. Bc4+ Kh8 17. Qf2 Qc8 18. Bxc5 Rd8 19. Nd4 Nxd4 20. Bxd4 Be6 21. Bxe6 Qxe6 22. Rfe1 Qf7 23. Qh4 Re8 24. Nb5 Rxe1+ 25. Qxe1 a6 26. Nc3 Re8 27. Qd2 Kg8 28. b3 Nh5 29. Bxg7 Nxg7 30. Ne4 Qe6 31. Qc3 Rc8 32. Nf6+ Kh8 33. Re1 Qf7 34. Rd1 h6 35. Rd7 Qe6 36. h3 Rf8 37. Rxg7 Kxg7 38. Nd7+ Kf7 39. Nxf8 Kxf8 40. Qxc7 b5 41. Qb8+ Kg7 42. Qc7+ Kg8 43. Kf2 Qf6 44. Qc8+ Kh7 45. Qd7+ Kg8 46. Ke3 Qc3+ 47. Kf4 Qf6+ 48. Ke4 Qh4+ 49. Kd5 Qg5+ 50. Ke6 Qxg2 51. Qf7+ Kh8 52. Qf8+ Kh7 53. Qe7+ Kg8 54. Qd8+ Kg7 55. Qc7+ Kg8 56. Qb8+ Kg7 57. Qb7+ Kg8 1/2-1/2

[Event "POL-ch U18 Girls"]
[Site "Leba"]
[Date "2008.03.30"]
[Round "2"]
[White "Golek, Jagoda"]
[Black "Mierska, Agnieszka"]
[Result "1-0"]
[WhiteElo "2044"]
[BlackElo "1864"]
[PlyCount "89"]
[EventDate "2008.03.29"]
[EventType "swiss"]
[EventRounds "11"]
[EventCountry "POL"]
[SourceTitle "CBM 123 Extra"]
[Source "ChessBase"]
[SourceDate "2008.05.06"]
[SourceVersion "1"]
[SourceVersionDate "2008.05.06"]
[SourceQuality "1"]

1. e4 e6 2. d4 d5 3. exd5 exd5 4. c4 Nf6 5. Nf3 Bg4 6. h3 Bf5 7. Nc3 c6 8. Be2 Be7 9. 0-0 0-0 10. Re1 Re8 11. Be3 Nbd7 12. Rc1 dxc4 13. Bxc4 Nb6 14. Bb3 Nfd5 15. Qd2 Nxe3 16. Rxe3 Bf6 17. Rce1 Rf8 18. R3e2 Nd5 19. Ne4 Bxe4 20. Rxe4 Qd6 21. Ne5 Rae8 22. Qe2 Bxe5 23. dxe5 Qc5 24. Qg4 Re6 25. Qe2 Re7 26. Kh1 Re6 27. f4 Rh6 28. f5 Qe7 29. Qg4 Qd7 30. Rf1 Kh8 31. Rd1 Qc7 32. Qe2 Qc8 33. Qf3 Ne7 34. g4 c5 35. Kg2 b5 36. Re2 c4 37. Bc2 Rd8 38. Red2 Rxd2+ 39. Rxd2 Rb6 40. Qe3 Rb7 41. Qd4 Qc6+ 42. Be4 Qa6 43. Qd8+ Ng8 44. Qxg8+ Kxg8 45. Rd8# 1-0

[Event "Polanica Zdroj op-B 43rd"]
[Site "Polanica Zdroj"]
[Date "2007.08.25"]
[Round "9"]
[White "Kozicz, Andrzej"]
[Black "Mierska, Agnieszka"]
[Result "1-0"]
[WhiteElo "2120"]
[BlackElo "1862"]
[PlyCount "95"]
[EventDate "2007.08.17"]
[EventType "swiss"]
[EventRounds "10"]
[EventCountry "POL"]
[SourceTitle "CBM 120 Extra"]
[Source "ChessBase"]
[SourceDate "2007.11.01"]
[SourceVersion "1"]
[SourceVersionDate "2007.11.01"]
[SourceQuality "1"]

1. e4 e6 2. d4 d5 3. Nc3 Nf6 4. e5 Nfd7 5. f4 c5 6. Nf3 Nc6 7. Be3 Qb6 8. Na4 Qa5+ 9. c3 cxd4 10. b4 Qc7 11. Nxd4 a6 12. Rc1 Be7 13. Bd3 Nxd4 14. Bxd4 b5 15. Nb2 Nb6 16. 0-0 Nc4 17. Nxc4 dxc4 18. Be4 Bb7 19. Qc2 g6 20. Rf3 Rd8 21. a3 Bf8 22. Rcf1 Bg7 23. Bc5 Bf8 24. Bd4 Bg7 25. Bxb7 Qxb7 26. a4 Bf8 27. a5 Rd5 28. Bb6 Bg7 29. Rd1 Bf8 30. Rff1 Be7 31. Rxd5 exd5 32. Qd2 0-0 33. Rd1 f6 34. Qxd5+ Qxd5 35. Rxd5 fxe5 36. fxe5 Bg5 37. Bd4 Rd8 38. Rc5 Be7 39. Rc6 Bxb4 40. Rxa6 Rxd4 41. cxd4 Bc5 42. dxc5 c3 43. Rf6 c2 44. Rf1 b4 45. a6 b3 46. a7 b2 47. a8Q+ Kg7 48. Qf8# 1-0

[Event "Gdansk-ch"]
[Site "Gdansk"]
[Date "2007.07.25"]
[Round "5"]
[White "Mierska, Agnieszka"]
[Black "Kotlowski, Tomasz"]
[Result "1/2-1/2"]
[WhiteElo "1862"]
[BlackElo "1936"]
[PlyCount "38"]
[EventDate "2007.07.22"]
[EventType "swiss"]
[EventRounds "9"]
[EventCountry "POL"]
[SourceTitle "CBM 119 Extra"]
[Source "ChessBase"]
[SourceDate "2007.09.04"]
[SourceVersion "1"]
[SourceVersionDate "2007.09.04"]
[SourceQuality "1"]

1. e4 g6 2. d4 Bg7 3. c4 d6 4. Nc3 Nc6 5. Be3 e5 6. d5 Nd4 7. Nge2 Nxe2 8. Bxe2 f5 9. f3 Nf6 10. c5 fxe4 11. fxe4 0-0 12. 0-0 h6 13. b4 b6 14. c6 a5 15. a3 Ba6 16. b5 Bc8 17. a4 Qe8 18. h3 g5 19. Kh2 Qg6 1/2-1/2

[Event "POL-ch U16 Girls"]
[Site "Leba"]
[Date "2007.03.28"]
[Round "7"]
[White "Sikorska, Dorota"]
[Black "Mierska, Agnieszka"]
[Result "1/2-1/2"]
[WhiteElo "1788"]
[BlackElo "1852"]
[PlyCount "42"]
[EventDate "2007.03.24"]
[EventType "swiss"]
[EventRounds "11"]
[EventCountry "POL"]
[SourceTitle "EXT 2011"]
[Source "ChessBase"]
[SourceDate "2010.11.26"]
[SourceVersion "1"]
[SourceVersionDate "2010.11.26"]
[SourceQuality "1"]

1. e4 e6 2. d4 d5 3. Nc3 Nf6 4. e5 Nfd7 5. Nf3 c5 6. Be2 Nc6 7. Bb5 cxd4 8. Bxc6 dxc3 9. Bxd7+ Bxd7 10. 0-0 cxb2 11. Bxb2 Bc5 12. Nd4 Qg5 13. f4 Qg6 14. Kh1 0-0 15. Rf3 Qg4 16. Qd2 Be7 17. Rg3 Qh5 18. Rh3 Qg4 19. Rg3 Qh5 20. Rh3 Qg4 21. Rg3 Qh5 1/2-1/2

[Event "POL-ch U16 Girls"]
[Site "Leba"]
[Date "2007.03.25"]
[Round "3"]
[White "Skrzypczak, Anna"]
[Black "Mierska, Agnieszka"]
[Result "1-0"]
[WhiteElo "1972"]
[BlackElo "1852"]
[PlyCount "121"]
[EventDate "2007.03.24"]
[EventType "swiss"]
[EventRounds "11"]
[EventCountry "POL"]
[SourceTitle "EXT 2011"]
[Source "ChessBase"]
[SourceDate "2010.11.26"]
[SourceVersion "1"]
[SourceVersionDate "2010.11.26"]
[SourceQuality "1"]

1. e4 e6 2. d4 d5 3. Nd2 Nf6 4. e5 Nfd7 5. Bd3 c5 6. c3 Nc6 7. Ngf3 Qb6 8. dxc5 Bxc5 9. Qe2 Qc7 10. Nb3 Be7 11. Bf4 0-0 12. 0-0 b6 13. Nbd4 Nc5 14. Bb5 Bb7 15. b4 Ne4 16. Rac1 a6 17. Bd3 Nxd4 18. Nxd4 Qd7 19. f3 Nxc3 20. Rxc3 Bxb4 21. Rc2 Bc5 22. Be3 f6 23. Bf2 fxe5 24. Qxe5 Rf6 25. g4 Bd6 26. Qe2 Rh6 27. Bg3 Bc5 28. Be5 Qe7 29. f4 g5 30. fxg5 Qxg5 31. Rxc5 bxc5 32. Bf4 Qh4 33. Bxh6 Qxh6 34. Qxe6+ Qxe6 35. Nxe6 c4 36. Bf5 Re8 37. Kf2 h6 38. Rb1 Bc8 39. Nd4 Bxf5 40. Nxf5 Re6 41. Rb7 h5 42. h3 hxg4 43. hxg4 Re4 44. Kf3 c3 45. Rc7 Ra4 46. Rxc3 Rxa2 47. Ne7+ Kf7 48. Nxd5 a5 49. Kf4 Ra1 50. Rc2 Kg6 51. Rc6+ Kg7 52. Kg5 Rd1 53. Rc7+ Kf8 54. Kf6 Rf1+ 55. Kg6 Ke8 56. g5 Rd1 57. Nf6+ Kd8 58. Ra7 Rc1 59. Rxa5 Rc7 60. Ra8+ Ke7 61. Nd5+ 1-0

[Event "Gdansk-ch 8th"]
[Site "Gdansk"]
[Date "2006.07.23"]
[Round "2"]
[White "Guzik, Jolanta"]
[Black "Mierska, Agnieszka"]
[Result "1-0"]
[WhiteElo "2103"]
[BlackElo "1818"]
[PlyCount "115"]
[EventDate "2006.07.23"]
[EventType "swiss"]
[EventRounds "9"]
[EventCountry "POL"]
[SourceTitle "EXT 2008"]
[Source "ChessBase"]
[SourceDate "2007.11.25"]
[SourceVersion "1"]
[SourceVersionDate "2007.11.25"]
[SourceQuality "1"]

1. c4 g6 2. Nc3 Bg7 3. g3 d6 4. Bg2 e5 5. e3 Ne7 6. Nge2 0-0 7. 0-0 Nbc6 8. d3 Be6 9. Nd5 Rb8 10. Rb1 f5 11. b4 a6 12. b5 axb5 13. Rxb5 b6 14. f4 Bd7 15. Rb1 Re8 16. Bd2 Nxd5 17. cxd5 Ne7 18. Rc1 Ra8 19. Qc2 Ra7 20. fxe5 dxe5 21. e4 Bb5 22. d6 Bxd3 23. Qxd3 Qxd6 24. Qxd6 cxd6 25. Bb4 Rxa2 26. Nc3 Rb2 27. Bxd6 Bh6 28. Rb1 Rc2 29. Bxe7 Rxe7 30. Nd5 Ra7 31. Nb4 Re2 32. exf5 Bf8 33. fxg6 hxg6 34. Rfd1 Kg7 35. Bf1 Bc5+ 36. Kh1 Re4 37. Nc6 Ra3 38. Nd8 Kf6 39. Rd7 Rb4 40. Rf7+ Kg5 41. Ne6+ Kh6 42. Rd1 Bd4 43. Nxd4 Rxd4 44. Rxd4 exd4 45. Rd7 Ra4 46. Rd6 Rb4 47. Bd3 Rb3 48. Rxd4 b5 49. Rd6 b4 50. Bxg6 Kg5 51. Rb6 Rb2 52. Be4 b3 53. h3 Kh5 54. Bd5 Rb1+ 55. Kg2 Rb2+ 56. Kf3 Rh2 57. h4 b2 58. Bf7# 1-0

[Event "Torun op"]
[Site "Torun"]
[Date "2002.??.??"]
[Round "5"]
[White "Lewandowska, Natalia"]
[Black "Mierska, Agnieszka"]
[Result "0-1"]
[WhiteElo "1250"]
[BlackElo "1600"]
[PlyCount "46"]
[EventDate "2002.??.??"]
[EventType "swiss"]
[EventRounds "9"]
[EventCountry "POL"]
[SourceTitle "EXT 2007"]
[Source "ChessBase"]
[SourceDate "2006.11.23"]
[SourceVersion "1"]
[SourceVersionDate "2006.11.23"]
[SourceQuality "1"]

1. e4 e5 2. Nf3 Nc6 3. Bc4 Bc5 4. 0-0 Nf6 5. Nc3 d6 6. d3 Bg4 7. Bg5 Nd4 8. Bb5+ c6 9. Nd5 cxb5 10. Nxf6+ gxf6 11. Bh4 Nxf3+ 12. gxf3 Bh3 13. Re1 Rg8+ 14. Bg3 Qb6 15. Re2 0-0-0 16. Qd2 Qc6 17. Qh6 Qd7 18. Qxh7 Qe6 19. Qh6 Rh8 20. Qd2 f5 21. Qd1 f4 22. c3 fxg3 23. hxg3 Rdg8 0-1

[Event "Torun op"]
[Site "Torun"]
[Date "2002.??.??"]
[Round "6"]
[White "Mierska, Agnieszka"]
[Black "Musialowska, Paulina"]
[Result "1-0"]
[WhiteElo "1600"]
[BlackElo "1400"]
[PlyCount "105"]
[EventDate "2002.??.??"]
[EventType "swiss"]
[EventRounds "9"]
[EventCountry "POL"]
[SourceTitle "EXT 2007"]
[Source "ChessBase"]
[SourceDate "2006.11.23"]
[SourceVersion "1"]
[SourceVersionDate "2006.11.23"]
[SourceQuality "1"]

1. e4 d5 2. exd5 Qxd5 3. Nc3 Qa5 4. d4 Nf6 5. Nf3 Bf5 6. Bd3 Bg6 7. 0-0 e6 8. Qe2 c6 9. Bd2 Nbd7 10. Ne4 Qc7 11. Bg5 Be7 12. Nxf6+ Nxf6 13. Bxf6 Bxf6 14. Qe3 0-0-0 15. c3 Qd6 16. Rad1 Rhe8 17. Bxg6 hxg6 18. Ne5 Bxe5 19. Qxe5 Qxe5 20. dxe5 f6 21. f4 Rxd1 22. Rxd1 Kc7 23. Kf2 fxe5 24. fxe5 Rf8+ 25. Kg3 Rf5 26. Re1 c5 27. Re4 Kc6 28. c4 a6 29. a4 b5 30. axb5+ axb5 31. b3 bxc4 32. bxc4 g5 33. h4 gxh4+ 34. Kxh4 g5+ 35. Kh5 Kd7 36. g4 Rf4 37. Rxf4 gxf4 38. Kh4 Ke7 39. g5 Kf7 40. Kg4 f3 41. Kxf3 Kg6 42. Kg4 Kg7 43. Kh5 Kh7 44. g6+ Kg7 45. Kg5 Kg8 46. Kf6 Kf8 47. Kxe6 Kg7 48. Kf5 Kf8 49. e6 Ke7 50. g7 Kd8 51. g8Q+ Kc7 52. e7 Kb6 53. e8R 1-0